LEADER 01603oam 2200541zu 450 001 9910148670703321 005 20250709204620.0 010 $a9782806120502 010 $a2806120500 010 $a9782806108005 010 $a2806108004 035 $a(CKB)3810000000043764 035 $a(SSID)ssj0001692091 035 $a(PQKBManifestationID)16539832 035 $a(PQKBTitleCode)TC0001692091 035 $a(PQKBWorkID)15049948 035 $a(PQKB)25079449 035 $a(PPN)228014425 035 $a(FR-PaCSA)88842167 035 $a(FRCYB88842167)88842167 035 $a(EXLCZ)993810000000043764 100 $a20160829d2015 uy 101 0 $afre 135 $aurun| ||||| 181 $ctxt 182 $cc 183 $acr 200 13$aLe fleuve et la barrière : roman à sept voix 210 31$a[Place of publication not identified]$cAcademia$d2015 215 $a1 online resource (143 p.) 225 0 $aLittâeratures Le fleuve et la barriáere 300 $aBibliographic Level Mode of Issuance: Monograph 311 08$a9782806102393 311 08$a2806102391 606 $aFrench Literature$2HILCC 606 $aRomance Literatures$2HILCC 606 $aLanguages & Literatures$2HILCC 615 7$aFrench Literature 615 7$aRomance Literatures 615 7$aLanguages & Literatures 676 $a843/.92 700 $aDuesberg$b Françoise$01077706 702 $aDuesberg$b Franðcoise 801 0$bPQKB 906 $aBOOK 912 $a9910148670703321 996 $aLe fleuve et la barrière : roman à sept voix$92589049 997 $aUNINA